Normal view
MARC view
Entry Personal Name
001 - CONTROL NUMBER
- control field: 525014
003 - CONTROL NUMBER IDENTIFIER
- control field: OSt
005 - DATE AND TIME OF LATEST TRANSACTION
- control field: 20220930064818.0
008 - FIXED-LENGTH DATA ELEMENTS
- fixed length control field: 220930|| aca||aabn | a|a d
040 ## - CATALOGING SOURCE
- Original cataloging agency: OSt
- Transcribing agency: OSt
100 ## - HEADING--PERSONAL NAME
- Personal name: Jivabhai Kalaria Jayantilal
670 ## - SOURCE DATA FOUND
- Source citation: Work cat.: (OSt)858716: Jivabhai Kalaria Jayantilal, Correlative study of shock in acute myocardial infarction with observation of biochemical changes, 1972
